[Event "Candidates Tournament (Women)"]
[Site "Kazan"]
[Date "2019.06.01"]
[Round "2"]
[White "Goryachkina, Aleksandra"]
[Black "Gunina, Valentina"]
[Result "1-0"]
[WhiteElo "2522"]
[BlackElo "2506"]
[Annotator "Paehtz,E"]
[PlyCount "183"]
[EventDate "2019.05.31"]
[EventType "tourn"]
[EventRounds "14"]
[EventCountry "RUS"]
[EventCategory "12"]
[SourceTitle "CBM 191"]
[Source "ChessBase"]
[SourceDate "2019.08.31"]
[SourceVersion "1"]
[SourceVersionDate "2019.08.31"]
[SourceQuality "1"]
[TimeControl "40/5400+30:1800+30"]

{[%evp 8,182,16,7,17,3,1,-8,0,-8,0,-16,36,3,0,10,14,-18,12,-10,31,0,35,0,21,49,
58,33,33,28,42,28,48,35,31,37,53,45,60,47,66,32,37,6,29,1,47,37,56,47,56,52,64,
56,60,42,45,54,50,0,0,3,1,0,101,102,120,125,107,104,92,116,110,0,0,0,114,104,
133,32,93,27,24,0,32767,32767,32767,32767,32767,32767,32767,32767,32767,32767,
32767,32767,32767,32767,32767,32767,32767,32767,32767,32767,32767,32767,32767,
32767,32767,32767,32767,32767,32767,32767,32767,32767,32767,32767,32767,32767,
32767,32767,32767,32767,32767,32767,32767,32767,32767,32767,32767,32767,32767,
32767,32767,32767,32767,32767,32767,32767,32767,32767,32767,32767,32767,32767,
32767,32767,32767,32767,32767,32767,32767,32767,32767,29986,29986,29987,29987,
29985,29987,29988,29988,29989,29989,29989,29989,29990,29990,29991,29991,29992,
29992,29993,29993,29994,29994]} {It seems that especially the Russian
encounters take care of real excitement which to me is hardly a surprise when
my favourite tactical magician Valentina Gunina is involved.} 1. d4 {[%emt 0:
00:00]} Nf6 {[%emt 0:00:04]} 2. c4 {[%emt 0:00:00]} e6 {[%emt 0:00:09] Valja's
main weapon used to be the Slav defense, which is naturally connected to her
former main coach Malakhov. In the past few years she added the Nimzo and
Queen's Indian to her repertoire which may perhaps explain that her time
management is not as fast as it used to be.} 3. Nf3 {[%emt 0:00:00]} b6 {
[%emt 0:00:58]} 4. g3 {[%emt 0:00:10]} Ba6 {[%emt 0:00:18]} 5. Qc2 {[%emt 0:00:
44] is the first moment Valja had to take a serious decision. Her choice
meaning she is ready for an opening knowledge battle where she was likely
aware that her younger compatriot will be much better prepared.} c5 $5 {
[%emt 0:07:39] A very brave choice by the former European Women's Champion.
Checking this move in both players' databases - 0 games!} (5... Bb7 6. Bg2 Be7
{or} (6... Bb4+ {would have probably gotten my preference, taking into regard
that I am not among the brave ones and hate forced lines when being surprised.}
)) 6. d5 {[%emt 0:00:29]} exd5 {[%emt 0:00:10]} 7. cxd5 {[%emt 0:00:06]} Bb7 {
[%emt 0:00:04]} 8. Bg2 {[%emt 0:00:40]} Nxd5 {[%emt 0:00:57]} 9. O-O {[%emt 0:
00:50]} Be7 {[%emt 0:00:20]} 10. Rd1 {[%emt 0:02:31]} Nc6 {[%emt 0:00:23]} 11.
a3 $5 {[%emt 0:01:24] Going off the main road.} (11. Rxd5 $2 Nb4 $17 {[%mdl 64]
Double Attack}) (11. Qa4 $5 {is the main line which leads after} Nf6 12. Nh4
O-O 13. Nf5 d5 14. Nc3 Nd4 15. Nxd4 {to a quite high drawing statistics.})
11... Nc7 {[%emt 0:23:44]} (11... Nf6 $5 12. e4 O-O 13. e5 Ne8 14. Nc3 Nc7 15.
Be3 $36) 12. Nc3 {[%emt 0:02:46]} O-O {[%emt 0:08:01]} 13. Bf4 {[%emt 0:00:38]
[#]} d6 $146 {[%emt 0:09:19]} (13... Ne6 14. e3 Nxf4 15. exf4 $44 (15. gxf4 d6
{seems objectively in favour for Black.})) 14. e3 {[%emt 0:18:30]} h6 $6 {
[%emt 0:17:49] This is rather weakening Black's position.} ({We were wondering
during the commentary if our Russian magician might even come up with
something crazy like} 14... g5 $2 {but we both decided that this is slightly
too ambitious for a classical game indeed and will not be working by engines
or even human intuition at all.} 15. Nxg5 Bxg5 16. Bxc6 (16. Rxd6 Qe7 17. Bxc6
$16) 16... Bxc6 17. Rxd6 Qe7 18. Rxc6 $18) 15. h4 $6 {[%emt 0:04:21] A very
human response but with the small drawback that after Black's next move the
capture of the bishop on f4 may not be in accordance with a hanging pawn on h4
and therefore reduces the option of gxf4 eventually. Additionally, it blocks
the square for White's knight on its road via h4 to f5.} (15. Nh4 $1 Bxh4 16.
gxh4 Ne8 (16... Qxh4 $2 17. Bg3 Qd8 (17... Qg5 18. Rxd6 $18) 18. Rxd6 Qe8 19.
Qa4 $16) 17. Nb5 $36) 15... Ne6 {[%emt 0:08:57] [#]} (15... Qc8 {was one
option we considered during the live commentary. Indeed it gives away the
extra material but taking into account that Valja was already pretty low on
time, it would have been a good idea to simplify.} 16. Bxd6 Bxd6 17. Rxd6 Rd8
18. Rad1 Rxd6 19. Rxd6 Ne8 20. Rd1 Nf6 $14) (15... Qd7 $1 {The engine always
knows it better, but that's the move Black should have played in order to keep
equality.} 16. Ne5 Nxe5 17. Bxb7 Rab8 18. Be4 Bf6 $13) 16. Bxd6 $1 {[%emt 0:09:
03]} Bxd6 {[%emt 0:02:54]} (16... Qe8 $5 17. Bxe7 Nxe7 18. Ne4 {with a very
nice advantage for White.}) 17. Ne4 {[%emt 0:00:50] [#]} (17. Nb5 $5 {[%cal
Rb5d6]} Ncd4 18. Nfxd4 Nxd4 19. exd4 Bxg2 20. Kxg2 Qf6 21. Nxd6 Qxd6 22. dxc5
Qc6+ 23. Kg1 bxc5 $14 {but Black should hold.}) 17... Ncd4 $1 {[%emt 0:04:31]}
18. exd4 {[%emt 0:01:15]} Bxe4 {[%emt 0:03:06]} (18... Nxd4 $5 19. Nxd4 cxd4
20. Rxd4 Bxe4 21. Bxe4 Qf6 $1 22. Rd2 Rac8 $11) 19. Qxe4 {[%emt 0:00:28]} Qf6 {
[%emt 0:00:09]} 20. dxc5 {[%emt 0:15:17]} Nxc5 {[%emt 0:02:48]} 21. Qd4 {
[%emt 0:02:09]} Nb3 {[%emt 0:04:34] Practically speaking, probably the best
choice in this position.} (21... Be7 $5 22. b4 Ne6 23. Qe3 $36) 22. Qxf6 {
[%emt 0:03:10]} ({Worse is} 22. Qxd6 Qxd6 23. Rxd6 Nxa1 $17) 22... gxf6 {
[%emt 0:00:01]} 23. Rab1 {[%emt 0:08:58]} Rad8 {[%emt 0:00:02]} 24. Nh2 {
[%emt 0:00:52]} (24. Rd3 $5 {[%cal Rd3b3]} Nc5 25. Rd5 $14 Bc7 26. Nd4 Rxd5 27.
Bxd5 Rd8 28. Nf5 $14) 24... Bc5 {[%emt 0:01:02]} 25. Ng4 {[%emt 0:03:46]} Kg7 {
[%emt 0:00:49]} 26. Bd5 {[%emt 0:05:18]} Nd4 {[%emt 0:00:05]} 27. Ne3 {[%emt 0:
00:21]} b5 {[%emt 0:00:43]} 28. Kg2 {[%emt 0:03:45]} Rfe8 {[%emt 0:00:16]} 29.
Rd3 {[%emt 0:01:54]} Re5 {[%emt 0:01:42]} 30. Ba2 {[%emt 0:02:11]} Nc6 {
[%emt 0:01:48]} 31. Rxd8 {[%emt 0:02:33]} Nxd8 {[%emt 0:00:01]} 32. Rd1 {
[%emt 0:00:23]} Ne6 {[%emt 0:01:48]} 33. Bxe6 $6 {[%emt 0:05:05] Well, in time
trouble this move is without any risk but eventually spoils the chance for any
advantage at all. Black improves his pawn structure and could anytime aim for
a rook ending without any risk. Indeed Black "could", but did not and had to
pay.} ({Better is} 33. Rd7 $1 Bxe3 34. fxe3 Rxe3 35. Kf2 Re5 36. Rxa7 $14)
33... fxe6 {[%emt 0:00:25]} 34. Rd7+ {[%emt 0:00:21]} Kg6 {[%emt 0:00:08]} 35.
Kf3 {[%emt 0:00:10]} h5 $4 {[%emt 0:00:49] We were pretty puzzled and until
now it doesn't seem clear what was going on in Gunina's mind. Was she still
hoping for a chance to play for a win? Or did she underestimate the fact that
this knight could cause any danger at all? Eventually, it is this very
particular piece to decide the fate of the game.} (35... Bxe3 $1 $11 36. fxe3
a5 37. b4 a4 $11) 36. Ng2 $1 {[%emt 0:00:53]} Kh6 {[%emt 0:00:50]} 37. Nf4 {
[%emt 0:00:22]} a5 {[%emt 0:00:31]} 38. Nd3 {[%emt 0:02:58]} Rf5+ {[%emt 0:00:
15]} 39. Ke2 {[%emt 0:00:08]} Bf8 $1 $11 {[%emt 0:00:44] The best defending
resource for Black. As passive as the bishop back there may look like, it is
the best square not to be hunted down or putting other pieces or pawns at risk.
} 40. Ke3 {[%emt 0:00:00] A move to pass the time control, however, it might
have been wise to fix the pawn structure on the queenside instead.} (40. b4 $5
$16) 40... Bc5+ $1 {[%emt 0:00:00]} 41. Ke2 {[%emt 0:04:05]} a4 $1 {[%emt 0:12:
07] And b2/a3 will potentially be targets a life time.} 42. f3 {[%emt 0:07:18]}
Bf8 {[%emt 0:00:59]} (42... Bb6) 43. Ke3 {[%emt 0:01:05]} Kg6 {[%emt 0:04:06]}
(43... Bc5+ $5 $14) 44. Ke4 {[%emt 0:04:37]} (44. Nf4+ $5 Kh6 45. Kd2 Re5 46.
Rf7 Bg7 47. Rb7 $16) 44... Kh6 {[%emt 0:04:21]} 45. Ke3 {[%emt 0:06:57]} Kg6 {
[%emt 0:00:57]} 46. Ke2 {[%emt 0:01:00]} Kh6 {[%emt 0:02:18]} 47. g4 $1 $16 {
[%emt 0:02:42] [#]} hxg4 {[%emt 0:02:22]} (47... Rd5 48. Rf7) 48. fxg4 {
[%emt 0:00:01]} Rd5 {[%emt 0:00:06]} 49. Rf7 {[%emt 0:01:29]} (49. Rxd5 $5 {
will not be enough:} exd5 50. Ke3 (50. Nf4 Bd6 51. Nxd5 Be5 52. Nc3 b4 53. Nxa4
bxa3 54. bxa3 f5 55. gxf5 Bd6 $11) 50... Bg7 $1 $11 {and Black survives due to
his saving resource of f6-f5.}) 49... Bg7 {[%emt 0:00:47]} 50. Nf4 {[%emt 0:00:
34]} Re5+ {[%emt 0:03:40]} 51. Kf3 {[%emt 0:01:40]} Re1 {[%emt 0:01:35]} 52.
Rb7 {[%emt 0:03:58]} Rf1+ {[%emt 0:01:26]} 53. Ke3 {[%emt 0:00:36]} Bf8 {
[%emt 0:01:18]} 54. Rxb5 {[%emt 0:00:24]} Bd6 {[%emt 0:00:39]} 55. Rh5+ {
[%emt 0:00:31]} Kg7 {[%emt 0:00:01]} 56. Nxe6+ {[%emt 0:00:15]} Kg6 {[%emt 0:
00:41]} (56... Kf7 57. Nd8+ Ke8 58. Rh8+ Kd7 59. Nb7 $18) 57. Nd4 {[%emt 0:01:
05]} Be5 {[%emt 0:00:38]} 58. Nf3 {[%emt 0:03:38]} (58. Nf5 $1 Bxb2 59. Rh6+
Kf7 60. Rh7+ Ke6 61. Ra7 Bxa3 62. Rxa4 {with practically even better chances
to win than in the game.}) 58... Bxb2 {[%emt 0:00:14]} 59. Ra5 {[%emt 0:00:08]}
Bxa3 {[%emt 0:00:17]} 60. Rxa4 {[%emt 0:00:10]} Bc5+ {[%emt 0:00:10]} 61. Ke4 {
[%emt 0:00:24]} Rf2 {[%emt 0:01:29]} 62. h5+ {[%emt 0:00:29]} Kg7 {[%emt 0:00:
22]} 63. Nh4 {[%emt 0:01:17]} Kh6 {[%emt 0:00:33]} 64. Ra5 {[%emt 0:00:37]}
Re2+ {[%emt 0:01:08]} 65. Kf3 {[%emt 0:00:26]} Rf2+ {[%emt 0:00:38]} 66. Kg3 {
[%emt 0:01:08]} Rc2 {[%emt 0:00:05]} 67. Nf5+ {[%emt 0:00:25]} Kg5 {[%emt 0:00:
33]} 68. h6 {[%emt 0:00:40]} Rc3+ {[%emt 0:00:10]} 69. Kg2 {[%emt 0:00:13] [#]}
Kxg4 $4 {[%emt 0:00:12] Taking such a pawn with seconds on the clock is an act
of iron nerves or Hercules strength. I honestly think sometimes it is not bad
to be a chicken. Valja is rather a serial killer with generally speaking the
lowest percentage of draws compared to the rest of the field. Since knowing
this ruthless and courage approach from her a life time, I can assure you that
in her case it usually pays off. My Latin teacher, however, used to say:
"Exceptio probat regulam in casibus non exceptis!"} (69... Kg6 {should save
the game with no risk at all...}) 70. h7 {[%emt 0:00:43]} Rc2+ {[%emt 0:00:08]}
71. Kf1 {[%emt 0:00:39]} Rh2 {[%emt 0:01:11]} (71... Rf2+ {does not save Black
from her destiny:} 72. Kg1 $1 Rxf5+ 73. Rxc5 Rxc5 74. h8=Q $18) 72. Nh4 $3 {
[%emt 0:00:45] [#] A move I bet Alexsandra just spotted in this very
particular moment.} Kg3 {[%emt 0:01:18]} 73. h8=Q {[%emt 0:00:31]} Rf2+ {
[%emt 0:00:10]} 74. Ke1 {[%emt 0:00:14]} Bb4+ {[%emt 0:00:03]} 75. Kd1 {
[%emt 0:00:04]} Bxa5 {[%emt 0:00:04]} 76. Ng6 {[%emt 0:00:15]} Bd2 {[%emt 0:01:
39]} 77. Qh4+ {[%emt 0:00:28]} Kf3 {[%emt 0:00:35]} 78. Qxf6+ {[%emt 0:00:27]}
Kg2 {[%emt 0:00:19]} 79. Qc6+ {[%emt 0:00:11]} Kg1 {[%emt 0:00:42]} 80. Nh4 {
[%emt 0:00:37]} Bf4 {[%emt 0:00:22]} 81. Qg6+ {[%emt 0:00:38]} Kh2 {[%emt 0:00:
25]} 82. Qg4 {[%emt 0:00:48]} ({Weaker is} 82. Ke1 Bg3 $14) 82... Bg3 {[%emt 0:
00:38]} 83. Nf5 {[%emt 0:00:25]} Rf1+ {[%emt 0:00:36]} 84. Ke2 {[%emt 0:00:23]}
Rf2+ {[%emt 0:00:22]} 85. Kd3 {[%emt 0:00:28]} Rg2 {[%emt 0:00:22]} 86. Qh5+ {
[%emt 0:00:36]} Kg1 {[%emt 0:00:04]} 87. Ne3 {[%emt 0:00:45]} Ra2 {[%emt 0:00:
37] [#]} 88. Qg6 $1 {[%emt 0:00:49]} Kh2 {[%emt 0:00:48]} 89. Qh7+ {[%emt 0:00:
13]} Kg1 {[%emt 0:00:04] [#]} 90. Qg8 $1 {[%emt 0:00:09]} Ra3+ {[%emt 0:00:15]}
91. Ke2 {[%emt 0:00:20]} Kh2 {[%emt 0:01:07]} 92. Kf3 {[%emt 0:00:25] After
Alexsandra missed her very good chance in her previous game, she eventually
got rewarded this time.} 1-0

[Event "SUI-GER m"]
[Site "Zuerich"]
[Date "2002.09.07"]
[Round "1"]
[White "Pelletier, Yannick"]
[Black "Naiditsch, Arkadij"]
[Result "1-0"]
[WhiteElo "2571"]
[BlackElo "2581"]
[Annotator "Pelletier,Y"]
[PlyCount "75"]
[EventDate "2002.09.07"]
[EventType "match"]
[EventRounds "2"]
[EventCountry "SUI"]
[SourceTitle "CBM 091"]
[Source "ChessBase"]
[SourceDate "2002.11.12"]
[SourceVersion "1"]
[SourceVersionDate "2002.11.12"]
[SourceQuality "1"]

1. d4 Nf6 2. c4 e6 3. Nf3 b6 4. g3 Ba6 5. Qb3 Nc6 6. Nbd2 d5 7. Bg2 Bd6 8. Qa4
Bb7 9. cxd5 exd5 10. Nc4 dxc4 11. Ne5 Bb4+ ({Da das Endspiel nach} 11... Bxe5
12. Bxc6+ Bxc6 13. Qxc6+ Kf8 14. dxe5 Qd5 15. Qxd5 Nxd5 16. Bd2 {für Weiss
günstig aussieht (Kramnik-Leko, Monaco rapid 2002), ist dieser Zug eine
Verbesserung. Trotzdem denke ich, dass Weiss später um Vorteil kämpfen kann.})
12. Kf1 O-O 13. Nxc6 (13. Bxc6 Bxc6 14. Nxc6 Qd5 15. f3 a5 $13) 13... Qd7 ({
Nach} 13... Qe8 14. Qxb4 Bxc6 15. Qxc4 Bb5 16. Qc2 {behält Weiss etwas Vorteil,
z.B:} Rd8 17. a4 Ba6 18. b4 $1 $36) 14. Bg5 (14. a3 Nd5) (14. Qxb4 Bxc6 15.
Qxc4 Bb5 16. Qc2 Rae8 17. Be3 Ng4 $40) 14... Rfe8 15. Bxf6 gxf6 16. Bf3 (16.
Qb5 a5 $36) 16... a6 $1 17. Rd1 $6 ({Hier setzte ich fehl fort. Ich hielt die
folgende Stellung für leicht besser, aber eigentlich kann bei der folgenden
Bauernstruktur nur Schwarz um Vorteil kämpfen. Wenig versprach auch} 17. Qxb4
$6 Bxc6 18. Qxc4 Bxf3 19. exf3 Qh3+ 20. Kg1 Re7 $44) ({, aber} 17. d5 $1 Bxc6
18. dxc6 Qd2 19. a3 Bc5 20. Qxc4 Qxb2 21. Kg2 $14 {[%csl Yc5,Yf3,Rg8] gab
einige Chancen auf ein positives Ergebnis.}) 17... b5 18. Qxb4 Bxc6 19. d5 (19.
Qc3 Rad8) 19... Re5 20. Qc5 $6 ({Es wurde natürlich auch} 20. Kg2 $142 Bxd5 21.
e4 {vorgeschlagen, aber mir schien die schwarze Kompensation nach} Rxe4 22.
Bxe4 Bxe4+ 23. f3 Bd5 24. Rhe1 Qf5 25. Re3 c6 $44 {[%csl Gd5] ausreichend. Auf
jeden Fall war das eine bessere Fortsetzung als die Partie.}) (20. e4 Bb7 21.
Kg2 f5 $132) 20... Bb7 21. Kg2 Qd6 {[%csl Rf3]} 22. Qxd6 (22. b4 Rd8 $36) 22...
cxd6 23. Rd4 Rc8 24. g4 a5 {Schwarz steht leicht besser, weil seine
Bauernmehrheit gefährlicher ist als die weisse.Die Doppelbauern auf f7/f6
spielen dabei eine wichtige Rolle bei der Blockade, können aber auch bei
unvorsichtigem Handeln schach werden.} (24... f5 25. Rg1 $5 $132) 25. Rc1 Ba6
26. e4 Re7 27. Be2 {(=)} Rec7 {Hiermit lehnte Arkadij mein Remisangebot
logischerweise ab.} 28. Rd2 Rc5 29. Rdc2 b4 30. Kf3 a4 $2 ({Richtig war} 30...
Bb5 {, um den Vorteil zu bewahren.} 31. Ke3 ({oder} 31. a4 c3 (31... Bxa4 32.
Rxc4 Bb3 33. Rxc5 Rxc5 34. Rxc5 dxc5 35. d6 Kf8 36. Ke3 a4 $15) 32. b3 (32.
axb5 cxb2 $19) (32. bxc3 Bxa4 $19) 32... Bd7 $15) 31... c3 $1 32. bxc3 Ba4 33.
Rb2 Rxc3+ 34. Rxc3 Rxc3+ (34... bxc3 35. Rb1 $11 {xc3}) 35. Bd3 Kf8 $15 {
Die schwarzen Figuren stehen viel aktiver.}) 31. a3 $138 (31. Ke3 $14) 31...
Rb8 32. Ke3 Rb6 $2 ({Die beste Chance bestand in} 32... c3 33. bxc3 (33. axb4
cxb2 34. bxc5 bxc1=Q+ 35. Rxc1 Rb3+) 33... b3 34. Rb2 Bxe2 35. Kxe2 Kg7 {
[%csl Gb3] , wonach Schwarz dieses Endspiel problemlos halten sollte.}) 33.
Bxc4 bxa3 {(=)} 34. bxa3 Bxc4 35. Rxc4 Rb3+ 36. Kf4 Ra5 $2 {Schwarz verurteilt
diesen Turm zur Passivität, anstatt auf c4 zu tauschen.} (36... Rxc4 37. Rxc4
Rxa3 38. Rc8+ Kg7 39. Rd8 Ra2 40. f3 Rxh2 41. Rxd6 a3 42. Ra6 a2 43. Ra8 $14 {
hätte natürlich nur noch Weiss Gewinnchancen, aber eine korrekte Verteidigung
sollte zur Punkteteilung genügen.}) 37. R1c3 $16 Kg7 $2 {Der entscheidende
Fehler in Zeitnot.} 38. Rxa4 1-0